| 000 | 01740nam0a2200325 4500 | ||
|---|---|---|---|
| 001 | RU\NLR\bibl\1660098 | ||
| 005 | 20250616040708.0 | ||
| 010 |
_a978-5-7695-5375-2 _92000 |
||
| 021 |
_aRU _b2010-48513 _93224 |
||
| 035 | _a(NLR Aleph) 001651388 | ||
| 090 |
_a924045 _c924045 |
||
| 100 | _a20100802d2010 |||y0rusy50 ca | ||
| 101 | 0 | _arus | |
| 102 | _aRU | ||
| 105 | _aa ||||||||| | ||
| 200 | 1 |
_aАвтоматические тормоза подвижного состава _eучебник _eдля студентов учреждений среднего профессионального образования, обучающихся по специальности 190304 "Техническая эксплуатация подвижного состава железных дорог" _fГ.С. Афонин, В.Н. Барщенков, Н.В. Кондратьев |
|
| 210 |
_aМосква _cАкадемия _d2010 |
||
| 215 |
_a317, [1] c. _cил. _d22 |
||
| 225 | 1 |
_aСреднее профессиональное образование _iЭксплуатация транспорта |
|
| 320 | _aБиблиогр.: с. 314-315 (22 назв.) | ||
| 606 | 1 |
_aАвтотормоза _jУчебные издания для среднего профессионального образования _9893501 _3RU\NLR\auth\663324 |
|
| 686 | _aО26я723-1 | ||
| 700 | 1 |
_aАфонин _bГ. С. _gГеннадий Сергеевич _4070 |
|
| 701 | 1 |
_aБарщенков _bВ. Н. _gВладимир Николаевич _4070 |
|
| 701 | 1 |
_aКондратьев _bН. В. _gНиколай Витальевич _4070 |
|
| 801 | 0 |
_aRU _bNLR _c20100802 _gRCR |
|
| 801 | 1 |
_aRU _bNLR _c20100802 |
|
| 942 | _cBOOK | ||
| 980 | _aNB | ||